000 00537nam a22001817a 4500
005 20140621053554.0
008 110811s2012 nyua b 000 0 eng
020 _a9780071788762
024 0 _ceng
080 _a008
100 1 _aParker, Marty.
245 1 0 _aCulture connection :
_cMarty Parker.
250 _a1 st.ed:
260 _aNew York :
_bMcGraw-Hill,
_c2012.
300 _a215 f. :
_bme il.;
_c23 cm.
650 0 _aKultura
942 _2udc
_cBK
999 _c493
_d493